1382 1982 1824 1067 1308 1337 1126 1136 1849 1665 1560 1764 1463 1749 1938 1412 1156 1862 1194 1765 1671 1871 1025 1675 1889 1235 1464 1457 1645 1338 1703 1904 1144 1840 1693 1842 1707 1160 1719 1607 1174 1055 1841 1566 1718 1069 1655 1279 1737 1138 1724 1792 1692 1163 1787 1017 1613 1599 1585 1940 1069 1722 1981 1524 1119 1146 1642 1273 1891 1745 1206 1639 1836 1273 1403 1724 1221 1198 1447 1920 1384 1410 1003 1361 1119 1572 1869 1144 1448 1126 1631 1324 1296 1054 1244 1309 1038 1656 1402 BCNSPRNW ULIB Ver.6.0+V

เปลี่ยนเป็นภาษาไทย

Change to English
 แสดงรายละเอียดบรรณานุกรม
  กลับหน้าหลัก

Brief Record : Get Marc (ISO 2709) : E-mail record : QR code < ปิดหน้าต่าง
LEADER : 00000nam 2200000uu 4500
001    13399111382
003     ULIB
008    110623s||||||||th 000 0 tha d
050  4 BP174^bอ412อ 2548
100 0  อรุณ บุญชม
245 00 คลังวิชาการสุขภาวะมุสลิม /^cอรุณ บุญชม
250    พิมพ์ครั้งที่ 2
260    กรุงเทพฯ :^bแผนงานสร้างเสริมสุขภาพมุสลิมไทย,^c2548
300    232 หน้า
650  7 มุสลิม
650  7 สุขภาวะมุสลิม
710 1  จุฬาลงกรณ์มหาวิทยาลัย^bคณะเศรษฐศาสตร์^bแผนงานสร้างเสริมสุขภาพมุสลิมไทย
945    ^p0^l0^i021906
995    ทศพร
999 ^a ใช้งานได้ทุกระบบ
รายการนี้ยังไม่มีแท็ก
คุณยังไม่ได้ล็อกอิน คุณสามารถมีกิจกรรมร่วมกับเว็บไซต์ได้ แต่ต้องล็อกอินก่อน ::
  ล็อกอิน

รายการสื่อสารสนเทศ

ลำดับที่ ประเภท เลขเรียก/บาร์โค้ด สถานที่ สถานะ
- ไม่พบข้อมูล -

รายการใกล้เคียง
    ผู้แต่ง [อรุณ บุญชม]

    หัวเรื่อง [มุสลิม]

BibComment


ยังไม่เคยถูกคอมเมนท์

คอมเมนท์ทรัพยากรรายการนี้
  คอมเมนท์: คลังวิชาการสุขภาว..


 Copyright 2026. Bcnsprnw @Library